000 00610nam a2200229Ia 4500
003 OSt
005 20220928124108.0
006 a|||||r|||| 00| 0
007 ta
008 220927b |||||||| |||| 00| 0 eng d
024 _a25806
037 _cTextual
040 _aSDCL
_cSDCL
_beng
041 _2eng
_aeng
082 _aX9wN04, N2
100 _aLala R M
_9401886
245 0 _aBeyound the last Blue mountain
_b A life of J.R.D.Tata
260 _aNew
_bZealand Viking
_c1992
300 _axv,398p
_ccm.
942 _hX9wN04, N2
_cTEXL
_2CC
999 _c776272
_d776272